|
|
|
|
| LEADER |
00000cam a2200000 7i4500 |
| 001 |
0000029455 |
| 005 |
20100622.0 |
| 008 |
100611 |
| 020 |
|
|
|a 0452270545
|
| 090 |
0 |
0 |
|a 650.14
|b HIL
|
| 100 |
0 |
|
|a Hill, Napoleon ,
|d 1883-1970
|
| 245 |
1 |
0 |
|a Napoleon Hill's a year of growing rich :
|b fifty-two steps to achieving life's rewards
|c Napoleon Hill;foreword by W.Clement Stone; edited by Matthew Sartwell; anathology assembled by Samuel A.Cypert.
|
| 260 |
|
|
|a USA :
|b A plume book ,
|c 1993
|
| 500 |
|
|
|a A collection of essays originally published in the magazine Success Unlimited.
|
| 650 |
|
0 |
|a Attitude (Psychology)
|
| 650 |
|
0 |
|a Optimism
|
| 650 |
|
0 |
|a Success in business
|
| 700 |
1 |
|
|a Cypert, Samuel A.
|
| 700 |
1 |
|
|a Sartwell, Matthew
|
| 999 |
|
|
|a 0001070244
|b Book
|c Adult Collection
|e Perbadanan Perpustakaan Awam Johor
|